00744nam a2200241 a 4500001001300000003000900013005001700022008004100039020002300080082001600103100002800119245006100147260003500208300000900243500003500252505001000287650002600297700002800323902000800351942000700359952011900366999001700485nice12345678IN_TiNIC20260116015333.0110425s2010 newa grp 000 0 eng  a1932099166 c10000a297.2bNUR3 aNursi, Bediuzzaman Said aWordsb The Reconstruction of Islamic Belief and Thought aNew Jersey, USA bLight c2010 a797p aincludes index and biblioraphy2 aIndex aIslam-Doctrines-Faith1 aNursi, Bediuzzaman Said bSRS cBK 001040708StackRoom-aHMIbHMId2011-07-25g100.00l0o297.2 NUR3p11002293r2011-07-25v100.00w2011-04-25yBK c19282d19282